[Event "Marianske Lazne op"]
[Site "Marianske Lazne"]
[Date "1989.??.??"]
[Round "4"]
[White "Brychta, Ivan"]
[Black "Langner, Ladislav"]
[Result "0-1"]
[WhiteElo "2355"]
[BlackElo "2380"]

1.e4 c5 2.Nf3 e6 3.d4 cxd4 4.Nxd4 a6 5.Bd3 Nc6 6.Be3 Nf6 7.O-O Be7 8.c4 d6
9.Nc3 O-O 10.h3 Ne5 11.f4 Nxd3 12.Qxd3 Qc7 13.Nf3 b6 14.Rad1 Bb7 15.f5 Rfc8
16.fxe6 fxe6 17.Ng5 Qxc4 18.Bxb6 h6 19.Qxc4 Rxc4 20.Nxe6 Nxe4 21.Bd4 Ng5
22.Nf4 Rf8 23.b3 Rcc8 24.Nfd5 Rxf1+ 25.Rxf1 Bd8 26.Re1 Kf8 27.h4 Nf7 28.Nf4 Kg8
29.Ng6 Ne5 30.Nxe5 dxe5 31.Bxe5 Bxh4 32.g3 Bg5 33.Ne4 Bxe4 34.Rxe4 Re8 35.Kf2 Bf6
36.Bxf6 Rxe4 37.Bc3 Re6 38.a4 Rb6 39.b4 Rc6 40.Be5 Rc4 41.Bd6 Kf7 42.Ke3 Ke6
43.Bf8 Rg4 44.Kf3 h5 45.Kg2 g6 46.Kh3 a5 47.b5 Rxa4 48.b6 Kd7  0-1

[Event "Moscow-A"]
[Site "Moscow"]
[Date "1989.??.??"]
[Round "?"]
[White "Geller, Efim P"]
[Black "Vyzmanavin, Alexey"]
[Result "0-1"]
[WhiteElo "2480"]
[BlackElo "2550"]

1.e4 c5 2.Nf3 e6 3.d4 cxd4 4.Nxd4 a6 5.Bd3 Qc7 6.O-O Nf6 7.Qe2 d6 8.Nd2 g6
9.a4 Bg7 10.a5 O-O 11.Nc4 Nbd7 12.c3 d5 13.exd5 exd5 14.Ne3 Ne5 15.Bc2 Nc6
16.Qf3 Be6 17.Nxe6 fxe6 18.Qg3 Ne5 19.Qh3 Rae8 20.Ra4 Nh5 21.Ng4 Nc4 22.Rb4 Nf4
23.Bxf4 Rxf4 24.Ba4 Re7 25.Qg3 Rf5 26.Qxc7 Rxc7 27.Re1 Re7  0-1

[Event "New York op"]
[Site "New York"]
[Date "1989.??.??"]
[Round "8"]
[White "Brooks, Michael A"]
[Black "Frias, Victor J"]
[Result "1-0"]
[WhiteElo "2385"]
[BlackElo "2510"]

1.e4 c5 2.Nf3 e6 3.d4 cxd4 4.Nxd4 a6 5.Bd3 Nf6 6.O-O d6 7.f4 Be7 8.Kh1 Qc7
9.Nc3 O-O 10.Nf3 Nc6 11.Qe1 Nb4 12.e5 Nxd3 13.cxd3 Ne8 14.Bd2 b5 15.Rc1 Qd8
16.Ne4 dxe5 17.Ba5 Qd5 18.fxe5 Bb7 19.Bb4 Bxb4 20.Qxb4 f5 21.Nc5 Bc6 22.Nb3 Rd8
23.Nbd2 Bb7 24.Rc5 Qd7 25.Rc3 Bxf3 26.Nxf3 Nc7 27.Qc5 Nd5 28.Rcc1 Rc8 29.Qd6 Qxd6
30.exd6 Rcd8 31.Rc6 Nb4 32.Rb6 Nxd3 33.Nd4 Rfe8 34.Rxa6 Nc5 35.Rc6 Ne4 36.Nxb5 Rd7
37.Kg1 Red8 38.Rd1 Kf7 39.a4 e5 40.b4 Ke6 41.a5 Rb7 42.d7+ Kf7 43.a6 Rxb5
44.Rc8  1-0

[Event "Novi Sad op"]
[Site "Novi Sad"]
[Date "1989.??.??"]
[Round "6"]
[White "Miranovic, Rajko"]
[Black "Eljanov, Vladimir"]
[Result "1-0"]
[WhiteElo "2305"]
[BlackElo "2310"]

1.e4 c5 2.Nf3 e6 3.d4 cxd4 4.Nxd4 a6 5.Bd3 g6 6.Nc3 Bg7 7.Nb3 Nc6 8.Bf4 d5
9.Qd2 d4 10.Ne2 e5 11.Bg5 f6 12.Bh4 Bh6 13.Qd1 Be6 14.O-O g5 15.Bg3 Qd6 16.c3 dxc3
17.Nxc3 O-O-O 18.Nd5 Nge7 19.Qh5 Bg7 20.Rfd1 Nxd5 21.exd5 Bxd5 22.Bc4 Ne7
23.Bxd5 Nxd5 24.Nc5 Kb8 25.Rac1 Qe7 26.Rd3 Nf4 27.Bxf4 Rxd3 28.Bxe5+ fxe5
29.Nxd3 e4 30.Qe2 Re8 31.Nc5 e3 32.Qxe3 Qxe3 33.fxe3 Rxe3 34.Kf1 Bd4 35.Rc2 Re7
36.Nb3 Bb6 37.g3 g4 38.Rc4 Rf7+ 39.Rf4 Rxf4+ 40.gxf4 Bc7 41.f5 Bxh2 42.Nc5 Kc7
43.b3 Be5 44.Ke2 h5 45.Nd3 Kd6 46.Ke3 Bg3 47.f6 h4 48.Nc5  1-0

[Event "CSR-ch int"]
[Site "Prague"]
[Date "1989.??.??"]
[Round "3"]
[White "Conquest, Stuart"]
[Black "Bischoff, Klaus"]
[Result "0-1"]
[WhiteElo "2490"]
[BlackElo "2505"]

1.e4 c5 2.Nf3 e6 3.d4 cxd4 4.Nxd4 a6 5.Bd3 Nf6 6.O-O Qc7 7.Qe2 d6 8.f4 g6
9.Be3 Bg7 10.Kh1 O-O 11.Nd2 Nbd7 12.a4 b6 13.c3 Bb7 14.Bc2 Rfe8 15.N4f3 Nc5
16.e5 Nd5 17.Nc4 dxe5 18.fxe5 Nxe3 19.Qxe3 Bxf3 20.Rxf3 Re7 21.Nd6 Rf8 22.Qg5 h6
23.Qh4 Bxe5 24.Qxh6 Bg7 25.Qh4 Qxd6 26.Rd1 Qc7 27.Rh3 f5 28.Qh7+ Kf7 29.Rh6 Rh8
30.Qxg6+ Kf8 31.Rxh8+ Bxh8 32.b4 Nd7 33.Bb3 Ne5 34.Qh6+ Bg7 35.Qh4 Qxc3 36.Qh5 Nd3
37.Qe2 Nf4 38.Qa2 Rd7  0-1

[Event "Reykjavik"]
[Site "Reykjavik"]
[Date "1989.??.??"]
[Round "?"]
[White "Jonsson, Bjorgvin"]
[Black "Eingorn, Vereslav S"]
[Result "1/2-1/2"]
[WhiteElo "2335"]
[BlackElo "2570"]

1.e4 c5 2.Nf3 e6 3.d4 cxd4 4.Nxd4 a6 5.Bd3 Nf6 6.O-O Qc7 7.c4 Nc6 8.Nxc6 dxc6
9.Nc3 e5 10.h3 Bc5 11.Bg5 Be6 12.Rc1 Qe7 13.Qf3 Rd8 14.Rfd1 Bd4 15.Rc2 h6
16.Be3 O-O 17.Ne2 Bxe3 18.Qxe3 Rd7 19.Nc1 Rfd8 20.Nb3 Nh5 21.Rcd2 Nf4 22.Bf1 Rxd2
23.Rxd2 Rxd2 24.Nxd2 c5 25.Kh2 Qd6 26.g3 Ng6 27.Nb3 b6 28.Qd3 Qxd3 29.Bxd3 Ne7
30.a3 g6 31.Kg2 Kg7 32.h4 f5 33.Kf3 Kf6 34.Ke3 Nc6 35.exf5 gxf5 36.f4 e4
37.Be2 Ke7 38.Nd2 Nd4 39.Bd1 Kd6 40.Ba4 Bf7 41.Bd1 h5 42.Ba4 b5 43.cxb5 axb5
44.Bd1 Nc6 45.Be2 c4 46.Nb1 Kc5 47.Nc3 Be8 48.Bd1 Nd4 49.Ne2  1/2-1/2

[Event "Reykjavik"]
[Site "Reykjavik"]
[Date "1989.??.??"]
[Round "?"]
[White "Tisdall, Jonathan D"]
[Black "Eingorn, Vereslav S"]
[Result "1/2-1/2"]
[WhiteElo "2460"]
[BlackElo "2570"]

1.e4 c5 2.Nf3 e6 3.d4 cxd4 4.Nxd4 a6 5.Bd3 Nf6 6.O-O Qc7 7.Qe2 Bc5 8.Nb3 Ba7
9.e5 Nd5 10.Nc3 Nxc3 11.bxc3 Nc6 12.Bf4 b5 13.a4 Bb7 14.axb5 axb5 15.Bxb5 O-O
16.Ra4 Ne7 17.c4 Bb8 18.Rd1 Rd8 19.Rd6 Rxa4 20.Bxa4 Nf5 21.c5 Nxd6 22.exd6 Qc8
23.Qg4 Kh8 24.Be3 Bc6 25.h3 Qa6 26.Bxc6 Qxc6 27.Qh5 Kg8 28.Qg4 Kh8 29.Qh5 Kg8
30.Qg4 Kh8  1/2-1/2

[Event "Royan op"]
[Site "Royan"]
[Date "1989.??.??"]
[Round "7"]
[White "Apicella, Manuel"]
[Black "Fernandez, An"]
[Result "1/2-1/2"]
[WhiteElo "2395"]
[BlackElo "2405"]

1.e4 c5 2.Nf3 e6 3.d4 cxd4 4.Nxd4 a6 5.Bd3 Nf6 6.O-O Qc7 7.Be3 d5 8.Nd2 Bc5
9.c4 dxe4 10.Nxe4 Nxe4 11.Bxe4 Nd7 12.Rc1 O-O 13.Bb1 Nf6 14.Qc2 Rd8 15.Rfd1 e5
16.Nf5 Bxf5 17.Qxf5 Bxe3 18.fxe3 Rxd1+ 19.Rxd1 Qxc4 20.Qxe5 Re8 21.Qd4 Qxd4
22.exd4 Re2 23.d5 Kf8 24.d6 Ke8 25.Bf5 g6 26.Bh3 Ne4 27.Bc8 Rxb2 28.Re1 f5
29.g4 Kd8 30.gxf5 Nxd6 31.fxg6 hxg6 32.Be6 b5 33.Bg8 Kd7 34.Re6 Rxa2 35.Rxd6+ Kxd6
36.Bxa2 a5 37.Kf2 g5 38.Ke3 Kc5 39.Kd3 Kb4 40.Kc2 Ka3 41.Be6 b4 42.h3 a4
43.Bf7 b3+ 44.Kc3 Ka2  1/2-1/2

[Event "Royan op"]
[Site "Royan"]
[Date "1989.??.??"]
[Round "7"]
[White "Klundt, Klaus"]
[Black "Lamoureux, Charles"]
[Result "1-0"]
[WhiteElo "2390"]
[BlackElo "2205"]

1.e4 c5 2.Nf3 e6 3.d4 cxd4 4.Nxd4 a6 5.Bd3 Nf6 6.O-O Qc7 7.Qe2 d6 8.c4 b6
9.Nc3 Bb7 10.b3 g6 11.Nf3 Nbd7 12.Bf4 Bg7 13.Rac1 O-O 14.Rfd1 Ne5 15.Nxe5 dxe5
16.Be3 Nd7 17.b4 Rfc8 18.c5 bxc5 19.Na4 Bf8 20.bxc5 Qa5 21.Qc2 Rc6 22.Qb3 Rb8
23.Nb6 Nxb6 24.cxb6 Bc5 25.Rxc5  1-0

[Event "Sevilla op"]
[Site "Sevilla"]
[Date "1989.??.??"]
[Round "?"]
[White "Rivera, Daniel"]
[Black "Strikovic, Aleksa"]
[Result "0-1"]
[WhiteElo "2350"]
[BlackElo "2490"]

1.e4 c5 2.Nf3 e6 3.d4 cxd4 4.Nxd4 a6 5.Bd3 g6 6.O-O Bg7 7.Be3 Nc6 8.Nxc6 bxc6
9.c3 Ne7 10.Nd2 Rb8 11.f4 d6 12.Qc2 O-O 13.Rae1 Qc7 14.Nf3 c5 15.Qf2 h6 16.Kh1 Qb6
17.Qh4 f5 18.e5 Nd5 19.Bc1 a5 20.Qg3 Kh7 21.exd6 Qxd6 22.Ne5 Bxe5 23.Rxe5 Ba6
24.Rfe1 Rf6 25.Bc2 Qc6 26.Qf2 a4 27.h3 Bc4 28.Bxa4 Qxa4 29.b3 Bxb3 30.axb3 Qxb3
31.Qxc5 Qxc3 32.Qxc3 Nxc3 33.Rxe6 Rxe6 34.Rxe6 Rb1 35.Re1 Ne4 36.Kh2 Kg7
37.Rg1 Kf7 38.Be3 Rxg1 39.Bxg1 Ke6 40.g4 Kd5 41.Kg2 Nd2 42.Ba7 Ke4 43.Kg3 Nb3
44.Bb8 Nd4 45.Kf2 h5 46.gxh5 gxh5 47.Bd6 Nf3 48.Bb8 Nh4 49.Kg3 Ng6 50.h4 Ne7
51.Kf2 Nc6 52.Bd6 Nd4 53.Bb8 Ne6 54.Kg3 Ke3 55.Ba7+ Nd4 56.Bc5 Ke4 57.Bd6 Ne2+
58.Kf2 Nxf4 59.Be7 Ng6 60.Bg5 f4 61.Bd8 Kf5 62.Kf3 Ne5+ 63.Kg2 Kg4 64.Kf2 Ng6
65.Bb6 Nxh4 66.Ba7 Nf3 67.Kg2 Ng5 68.Bb6 Ne4 69.Ba7 f3+ 70.Kh2 h4 71.Bb6 f2
72.Kg2 h3+  0-1

[Event "Sevilla op"]
[Site "Sevilla"]
[Date "1989.??.??"]
[Round "?"]
[White "Rivera, Daniel"]
[Black "Magem Badals, Jorge"]
[Result "0-1"]
[WhiteElo "2350"]
[BlackElo "2425"]

1.e4 c5 2.Nf3 e6 3.d4 cxd4 4.Nxd4 a6 5.Bd3 Nf6 6.O-O d6 7.c4 Be7 8.Nc3 O-O
9.Be3 Qc7 10.Rc1 Nbd7 11.b3 b6 12.Qe2 Bb7 13.Rfd1 Rfe8 14.f3 Rac8 15.Qf2 Qb8
16.Bf1 Bd8 17.Kh1 Bc7 18.Nde2 Ba8 19.Rc2 Kh8 20.Bd4 Rg8 21.Ng3 Rcd8 22.Rcd2 Rge8
23.b4 Ne5 24.a3 Rc8 25.Na4 Ned7 26.Nc3 Bc6 27.Be2 Bd8 28.f4 Be7 29.Bd3 Kg8
30.h3 Bf8 31.Qe2 e5 32.Be3 exf4 33.Bxf4 Ne5 34.Qf1 Nfd7 35.Nd5 Bxd5 36.exd5 g6
37.Ne4 Bg7 38.Ng5 Re7 39.Nf3 Rce8 40.Bb1 Nxf3 41.Qxf3 Re1+ 42.Kh2 Be5 43.Rxe1 Bxf4+
44.Qxf4 Rxe1 45.Ba2 Qf8 46.Bb3 Qe7 47.Ba4 Re4 48.Qf2 Ne5 49.Bc2 Rxc4 50.Bd1 b5
51.Rc2 Qg5 52.Rxc4 Nxc4 53.Qf3 Qe5+ 54.Kg1 Qa1 55.Kh2 Qxa3 56.Qxa3 Nxa3 57.Kg3 Nb1
58.Kf4 Nc3 59.Bb3 Ne2+ 60.Kg5 Kg7 61.Bc2 h6+ 62.Kg4 f5+  0-1

[Event "Spijkenisse"]
[Site "Spijkenisse"]
[Date "1989.??.??"]
[Round "2"]
[White "Howell, James C"]
[Black "Ioseliani, Nana"]
[Result "1/2-1/2"]
[WhiteElo "2440"]
[BlackElo "2480"]

1.e4 c5 2.Nf3 e6 3.d4 cxd4 4.Nxd4 a6 5.Bd3 Nf6 6.O-O d6 7.c4 Bd7 8.Nc3 Nc6
9.Nxc6 Bxc6 10.Qe2 Be7 11.b3 O-O 12.Bb2 Re8 13.f4 Nd7 14.Kh1 Rb8 15.Rae1 Bf8
16.Bb1 e5 17.f5 b5 18.Rd1 Qh4 19.Bd3 Nc5 20.Rfe1 Rec8 21.cxb5 axb5 22.Bb1 Be7
23.b4 Nd7 24.Nd5 Bg5 25.a3 Ba8 26.g3 Qh6 27.h4 g6 28.Kg1 Bd8 29.Bc1 Qg7 30.Kh2 gxf5
31.exf5 Rc4 32.Be4 Rbc8 33.Kh3 Bxd5 34.Bxd5 Rc2 35.Qxb5 R8c3 36.Rd3 Nf8 37.Rxc3 Rxc3
38.Be3 Rxa3 39.Qe2 Nd7 40.b5 Nf6 41.Bf3 e4 42.Bg2 Nd5 43.Qf2 Nxe3 44.Rxe3 Qd4
45.Re2 Qxf2 46.Rxf2 d5 47.Rc2 Bf6 48.Kg4 Be5 49.f6 Bxf6 50.Rc5 Ra2 51.Kh3 Rd2
52.b6 e3 53.b7 Be5 54.Bxd5 Bd6 55.Rc8+ Kg7 56.Bf3 e2 57.Bxe2 Rxe2  1/2-1/2

[Event "JUG-ch (Women)"]
[Site "Split"]
[Date "1989.??.??"]
[Round "14"]
[White "Nikolin, Zorica"]
[Black "Bojkovic, Natasa"]
[Result "1/2-1/2"]
[WhiteElo "2240"]
[BlackElo "2260"]

1.e4 c5 2.Nf3 e6 3.d4 cxd4 4.Nxd4 a6 5.Bd3 Nf6 6.Nd2 Qc7 7.O-O d6 8.Kh1 g6
9.f4 Bg7 10.N2f3 Nbd7 11.e5 Nd5 12.c4 Nb4 13.Bb1 dxe5 14.fxe5 O-O 15.a3 Nc6
16.Nxc6 Qxc6 17.Qe2 Rb8 18.Bg5 Re8 19.Qf2 Qc7 20.Bf4  1/2-1/2

[Event "St Ingbert op"]
[Site "St Ingbert"]
[Date "1989.??.??"]
[Round "3"]
[White "Bednarski, Jacek B"]
[Black "Martinovic, Slobodan"]
[Result "1/2-1/2"]
[WhiteElo "2360"]
[BlackElo "2460"]

1.e4 c5 2.Nf3 e6 3.d4 cxd4 4.Nxd4 a6 5.Bd3 Nf6 6.O-O Qc7 7.Qe2 d6 8.c4 g6
9.b4 Bg7 10.Bb2 O-O 11.a3 Nbd7 12.Nd2 b6 13.Rac1 Bb7 14.Bb1 Rac8 15.N2b3 Qb8
16.Rfe1 Rfe8 17.Qd2 Ne5 18.c5 d5 19.exd5 exd5 20.cxb6 Nc4 21.Rxe8+ Rxe8 22.Qc3 Ng4
23.g3 Nxb2 24.Qxb2 Ne5 25.Qe2 Nc4 26.Qf3 Nxb6 27.Rd1 Nc4 28.Ba2 Re4 29.Nc5  1/2-1/2

[Event "Sydney"]
[Site "Sydney"]
[Date "1989.??.??"]
[Round "3"]
[White "Solomon, Stephen J"]
[Black "Gedevanishvili, Dmitry"]
[Result "0-1"]
[WhiteElo "2370"]
[BlackElo "2410"]

1.e4 c5 2.Nf3 e6 3.d4 cxd4 4.Nxd4 a6 5.Bd3 Nf6 6.O-O d6 7.Nc3 g6 8.b3 Bg7
9.Bb2 O-O 10.Kh1 Nbd7 11.Qe2 Nc5 12.Rad1 Qc7 13.b4 Ncd7 14.Nb3 b6 15.f4 Bb7
16.Rd2 Rfe8 17.Qf3 Rac8 18.Rfd1 Nh5 19.Na4 Bxb2 20.Nxb2 Qc3 21.Nc4 Rxc4 22.Bxc4 Qxc4
23.Rxd6 Ndf6 24.Rxb6 Bxe4 25.Qf1 Qc3 26.Nc5 Bd5 27.Nd3 Ne4 28.Qe1 Qxc2 29.Kg1 Qxa2
30.Qe3 Rc8 31.Nf2 Nxf2 32.Qxf2 Rc2 33.Rb8+ Kg7 34.Qd4+ Nf6 35.Kf1 Rxg2 36.Re1 Rg1+
37.Qxg1 Bc4+ 38.Re2 Qxe2+  0-1

[Event "Sydney"]
[Site "Sydney"]
[Date "1989.??.??"]
[Round "5"]
[White "Garbett, Paul Anthony"]
[Black "Gedevanishvili, Dmitry"]
[Result "1/2-1/2"]
[WhiteElo "2230"]
[BlackElo "2410"]

1.e4 c5 2.Nf3 e6 3.d4 cxd4 4.Nxd4 a6 5.Bd3 Nf6 6.O-O d6 7.c4 g6 8.Nc3 Bg7
9.Be3 O-O 10.Be2 Qc7 11.Rc1 b6 12.Qd2 Bb7 13.f3 Rd8 14.Rfd1 Nbd7 15.Kh1 Rac8
16.Qe1 Qb8 17.Qh4 Re8 18.Nc2 Ba8 19.Rd2 b5 20.cxb5 d5 21.Rf1 Ne5 22.Bg5 Ned7
23.Nb4 a5 24.Na6 Qd6 25.f4 e5 26.fxe5 Qxe5 27.Bf4 g5 28.Bxe5 gxh4 29.Bxf6 Nxf6
30.exd5 Nxd5 31.Nxd5 Bxd5 32.Bg4 Bc4 33.Rfd1 Be6 34.Bxe6 Rxe6 35.Kg1 Bf8
36.Kf1 Rc4 37.Rd4 Rc2 38.Rg4+ Rg6 39.Rxg6+ hxg6 40.Rd3 a4 41.b4 axb3 42.axb3 Ra2
43.Rd8 Ra5 44.Nc7 Ra7 45.b6 Rb7 46.Nd5 Kg7 47.b4 g5 48.h3 Bxb4 49.Nxb4 Rxb6
50.Rd4 f6 51.Kf2 Kg6 52.Kf3 Rb5 53.Nd5 Ra5 54.Ne3 Ra6 55.Nc4 Rc6 56.Ke4 Re6+
57.Kd3 Ra6 58.Rd6 Ra2 59.Ne3 Ra3+ 60.Ke2 Ra2+ 61.Kf3 Ra3 62.Rc6 Rb3 63.Ke4 Rb4+
64.Nc4 Ra4 65.Kf3 Rb4 66.Ne5+ Kg7 67.Rc7+ Kh6 68.Nd7 Kg7 69.Ra7 Kf7 70.Ne5+ Ke6
71.Nd3 Rb1 72.Ke4 Rf1 73.Rc7 Rg1 74.Rc2 Rd1 75.Rc6+ Kf7 76.Nf2 Rf1 77.Ke3 Re1+
78.Kf3 Kg6 79.Rd6 Ra1 80.Nd1 Ra4  1/2-1/2

[Event "Tarrassa"]
[Site "Tarrassa"]
[Date "1989.??.??"]
[Round "?"]
[White "Pablo Marin, Alejandro"]
[Black "Vehi Bach, Victor Manuel"]
[Result "1/2-1/2"]
[WhiteElo "2390"]
[BlackElo "2360"]

1.e4 c5 2.Nf3 e6 3.d4 cxd4 4.Nxd4 a6 5.Bd3 Nf6 6.O-O Qc7 7.Nd2 d6 8.a4 b6
9.f4 Bb7 10.Qe2 Nbd7 11.N2f3 Nc5 12.e5 dxe5 13.fxe5 Nxd3 14.cxd3 Nd5 15.Kh1 Bc5
16.Nb3 Be7 17.a5 O-O 18.Bg5 Rac8 19.axb6 Nxb6 20.Bxe7 Qxe7 21.Na5 Bd5 22.Qd2 Rc7
23.b3 Rd8 24.Qf2 Qc5 25.Qh4 Rdc8 26.Nc4 Nxc4 27.dxc4 Bxf3 28.Rxf3 Qxe5 29.Rxa6 Rd7
30.Rf1 Qc3 31.Qg3 Qc2 32.Qf3 h6 33.Rb6 Rcd8 34.h3 Qg6 35.Rb7 e5 36.Rxd7 Rxd7
37.c5 e4 38.Qe2 Rd4 39.Qc2 Qc6 40.Qc3 Rd3 41.Qc4 Qd5 42.Qxd5 Rxd5  1/2-1/2

[Event "Toronto"]
[Site "Toronto"]
[Date "1989.??.??"]
[Round "4"]
[White "Bailey, Doug"]
[Black "Hulak, Krunoslav"]
[Result "0-1"]
[WhiteElo "2355"]
[BlackElo "2515"]

1.e4 c5 2.Nf3 e6 3.d4 cxd4 4.Nxd4 a6 5.Bd3 Nf6 6.O-O Qc7 7.c4 Nc6 8.Nc2 Ne5
9.Bf4 Bd6 10.Bg3 h5 11.h3 h4 12.Bxe5 Bxe5 13.Nc3 b6 14.Qe2 Bb7 15.Rae1 g5
16.Ne3 d6 17.Rc1 Nd7 18.b4 Bf4 19.Rc2 Ne5 20.Rd1 Rc8 21.c5 Nxd3 22.Qxd3 dxc5
23.bxc5 O-O 24.Ng4 Rcd8 25.Nf6+ Kg7 26.Nh5+ Kg6 27.Qf3 bxc5 28.g3 hxg3 29.fxg3 Rxd1+
30.Nxd1 Be5 31.Rg2 Bd4+ 32.Kh1 f5 33.Nf4+ Kf6 34.Nd5+ exd5 35.Qxf5+ Ke7 36.Qxg5+ Bf6
37.Qg4 Qd7 38.e5 Qxg4 39.exf6+ Rxf6 40.hxg4 d4  0-1

[Event "Uzes op"]
[Site "Uzes"]
[Date "1989.??.??"]
[Round "6"]
[White "Casa, Alex"]
[Black "Chomet, Pascal"]
[Result "1/2-1/2"]
[WhiteElo "2120"]
[BlackElo "2265"]

1.e4 c5 2.Nf3 e6 3.d4 cxd4 4.Nxd4 a6 5.Bd3 Qc7 6.O-O Nf6 7.Qe2 d6 8.Nc3 Be7
9.Kh1 O-O 10.f4 Nbd7 11.Bd2 b5 12.a3 Bb7 13.Rae1 Nc5 14.Rf3 Rfe8 15.Rh3 g6
16.Nf3 Nfd7 17.Ng5 Nf8 18.Qg4 Bf6 19.Rf1 Qe7 20.e5 Bg7 21.Qg3 Red8 22.b4 Nxd3
23.cxd3 Rac8 24.Nce4 Rc2 25.Be3 h6 26.exd6 Rxd6 27.Bc5 Rxc5 28.bxc5 Rd4 29.Nd6 hxg5
30.fxg5 Rd5 31.Rxf7 Rf5 32.Rxf5 exf5 33.Nxb7 Qxb7 34.Qd6 b4 35.c6 Qb5 36.axb4 Be5
37.Qc5 Kf7 38.Re3 Qxc5 39.bxc5 Bf4 40.Rf3 Be5 41.Re3 Bf4 42.Re2 Ne6 43.d4 Nxd4
44.Ra2 Ne6 45.Rxa6 Nc7 46.Ra4 Be5 47.Ra3 f4 48.Rd3 Ke6 49.Rd7 Nd5 50.Rd8 Ne7
51.Re8 Kf7 52.Ra8 Nxc6 53.Ra6 Nb4 54.Rb6 Nd5 55.Ra6 Nb4 56.Rb6 Nd5 57.Ra6 Nc7
58.Rb6 Ne6 59.Rb7+ Nc7 60.Rb6 Ne6 61.Rb7+ Ke8 62.c6 Nc7 63.Kg1 Kf7 64.Kf2 Ke6
65.Kf3 Kd5 66.Rb8 Ne6 67.Rg8 Nxg5+ 68.Kg4 Ne6 69.Rxg6 f3 70.Kxf3 Bxh2 71.g3 Nd4+
72.Ke3 Bg1+ 73.Kf4 Nxc6 74.Rg5+ Ke6 75.g4 Bd4 76.Ke4 Bf6 77.Rc5 Ne7 78.Ra5 Kf7
79.g5 Bg7 80.Ra6 Bc3  1/2-1/2

[Event "Val Maubuee op"]
[Site "Val Maubuee"]
[Date "1989.??.??"]
[Round "?"]
[White "Prie, Eric"]
[Black "Lamoureux, Charles"]
[Result "1-0"]
[WhiteElo "2335"]
[BlackElo "2205"]

1.e4 c5 2.Nf3 e6 3.d4 cxd4 4.Nxd4 a6 5.Bd3 Qc7 6.O-O Nf6 7.Qe2 d6 8.c4 Nbd7
9.Nc3 b6 10.f4 Bb7 11.f5 e5 12.Nb3 Nc5 13.Nxc5 dxc5 14.a4 a5 15.Nd5 Qd6 16.Rf3 Nd7
17.Rg3 Nb8 18.Be3 Ra6 19.Qd2 Nc6 20.f6 g6 21.Bh6 Kd8 22.Bg7 Rg8 23.Qh6 Bxg7
24.fxg7 Ne7 25.Nxe7 Qxe7 26.Qxh7 Qe8 27.Rf1 Bc8 28.Rxg6 Ra8 29.Rff6 Be6 30.Be2 Ke7
31.Qh4 Kd6 32.Qg5 Rd8 33.h4 Kc6 34.h5 Qd7 35.h6 Qd4+ 36.Kh1 Qxe4 37.Bf3  1-0

[Event "Val Maubuee"]
[Site "Val Maubuee"]
[Date "1989.??.??"]
[Round "2"]
[White "Apicella, Manuel"]
[Black "Abramovic, Bosko"]
[Result "1-0"]
[WhiteElo "2400"]
[BlackElo "2485"]

1.e4 c5 2.Nf3 e6 3.d4 cxd4 4.Nxd4 a6 5.Bd3 g6 6.O-O Bg7 7.Be3 Ne7 8.c4 d5
9.exd5 exd5 10.Nc3 O-O 11.c5 Nbc6 12.Nce2 Bg4 13.f3 Be6 14.Qd2 Qd7 15.Rad1 Rfe8
16.Bf2 Rad8 17.b4 Bf5 18.Nxc6 Nxc6 19.Bxf5 Qxf5 20.Nd4 Nxd4 21.Bxd4 Bxd4+
22.Qxd4 Re2 23.Rf2 Qc2 24.Rxe2 Qxe2 25.a4 Qa2 26.b5 axb5 27.axb5 Re8 28.Ra1 Qb3
29.b6 Rc8 30.Rc1 Qa3 31.Re1 Qa5 32.Re7 Kf8 33.Re3 Kg8 34.h3 h5 35.Kh2 Qb5
36.Re7 Qc4 37.Qf6 Rf8 38.Qd6 d4 39.Rxb7 d3 40.c6 h4 41.c7  1-0

[Event "Vinkovci"]
[Site "Vinkovci"]
[Date "1989.??.??"]
[Round "?"]
[White "Krajina, Davor"]
[Black "Strikovic, Aleksa"]
[Result "0-1"]
[WhiteElo "2290"]
[BlackElo "2470"]

1.e4 c5 2.Nf3 e6 3.d4 cxd4 4.Nxd4 a6 5.Bd3 Nf6 6.O-O Qc7 7.Qe2 d6 8.a4 g6
9.Nd2 Bg7 10.a5 Nbd7 11.b3 O-O 12.Bb2 Re8 13.c4 d5 14.b4 Ne5 15.Rac1 Nxd3
16.Qxd3 dxe4 17.Nxe4 Nxe4 18.Qxe4 e5 19.c5 Bd7 20.c6 bxc6 21.Nxc6 Qd6 22.Rc5 Rac8
23.Rfc1 Bh6 24.f4 Bxf4 25.R1c3 Bxc6 26.Rxc6 Rxc6  0-1

[Event "Legion op"]
[Site "Warsaw"]
[Date "1989.??.??"]
[Round "9"]
[White "Kaminski, Marcin"]
[Black "Adamski, Jan"]
[Result "0-1"]
[WhiteElo "2265"]
[BlackElo "2435"]

1.e4 c5 2.Nf3 e6 3.d4 cxd4 4.Nxd4 a6 5.Bd3 Nf6 6.O-O d6 7.c4 Bd7 8.Nc3 Nc6
9.Nxc6 Bxc6 10.Qe2 Be7 11.b3 O-O 12.Bb2 Nd7 13.Kh1 Re8 14.f4 Bf6 15.Rae1 Bd4
16.Bb1 e5 17.Qd2 Nf6 18.Bc2 Ng4 19.Rf3 Qh4 20.h3 Nf2+ 21.Kh2 Ng4+ 22.Kh1 exf4
23.Rxf4 Nf2+ 24.Kh2 Be5 25.Nd5 Bxf4+ 26.Nxf4 Nxe4 27.Bxe4 Bxe4 28.g3 Qg5
29.h4 Qg4 30.Qxd6 Bc6 31.Re5 Rad8 32.Rxe8+ Rxe8 33.Qd3 h6 34.h5 Re1 35.Qd8+ Kh7
36.Qd3+ f5  0-1

[Event "Hoogovens-B"]
[Site "Wijk aan Zee"]
[Date "1989.??.??"]
[Round "?"]
[White "Armas, Iulius"]
[Black "Bosboom, Manuel"]
[Result "1-0"]
[WhiteElo "2455"]
[BlackElo "2375"]

1.e4 c5 2.Nf3 e6 3.d4 cxd4 4.Nxd4 a6 5.Bd3 Nf6 6.O-O Qc7 7.Qe2 d6 8.c4 g6
9.Nc3 Bg7 10.Rd1 O-O 11.Nf3 Nbd7 12.Bf4 Ng4 13.Rac1 b6 14.Bb1 Nge5 15.b3 Bb7
16.Qd2 Rfc8 17.Qxd6 Qxd6 18.Rxd6 Nxf3+ 19.gxf3 Bc6 20.Ne2 b5 21.Kg2 h6 22.Rcd1 Ne5
23.c5 g5 24.Be3 Ng6 25.R6d2 b4 26.f4 Bb5 27.fxg5 hxg5 28.Bd3 Bxd3 29.Rxd3 Ne5
30.R3d2 Bf6 31.Rc2 Kg7 32.f3 a5 33.Nd4 a4 34.Nb5 axb3 35.axb3 Ra5 36.Nd6 Rc6
37.Ne8+ Kg6 38.Nxf6 Kxf6 39.Bd4 Ra8 40.Rf2 Rg8 41.Kf1 Rcc8 42.f4 gxf4 43.Rxf4+ Kg5
44.Bxe5 Rxc5 45.Rf3  1-0

[Event "Hoogovens-B"]
[Site "Wijk aan Zee"]
[Date "1989.??.??"]
[Round "?"]
[White "Kuijf, Marinus"]
[Black "Bosboom, Manuel"]
[Result "1-0"]
[WhiteElo "2485"]
[BlackElo "2375"]

1.e4 c5 2.Nf3 e6 3.d4 cxd4 4.Nxd4 a6 5.Bd3 Nf6 6.O-O Qc7 7.Nc3 b5 8.Qe2 Bb7
9.e5 Nc6 10.exf6 Nxd4 11.Qg4 Bc5 12.Ne4 Bxe4 13.Qxe4 d5 14.fxg7 Rg8 15.Qxh7 Kd7
16.Re1 Nc6 17.a4 b4 18.c4 Qb6 19.Be3 Bxe3 20.Rxe3 d4 21.Rg3 Ne5 22.Qh5 f5
23.Re1 Kd6 24.Bxf5 exf5 25.Rg6+  1-0

[Event "JUG-chT"]
[Site "Zlatibor"]
[Date "1989.??.??"]
[Round "?"]
[White "Jukic, Mirko"]
[Black "Cvitan, Ognjen"]
[Result "1/2-1/2"]
[WhiteElo "2440"]
[BlackElo "2515"]

1.e4 c5 2.Nf3 e6 3.d4 cxd4 4.Nxd4 a6 5.Bd3 Nf6 6.O-O Qc7 7.Qe2 d6 8.c4 g6
9.Nc3 Bg7 10.Be3 O-O 11.Rac1 b6 12.f3 Nbd7 13.Rfd1 Bb7 14.Qf2 Rac8 15.Bf1 Qb8
16.b4 Rfe8 17.Nb3 Bc6 18.Nd4 Bb7 19.Nb3 Bc6  1/2-1/2

[Event "JUG-chT"]
[Site "Zlatibor"]
[Date "1989.??.??"]
[Round "?"]
[White "Kunovac, Daniel"]
[Black "Miladinovic, Igor"]
[Result "1/2-1/2"]
[WhiteElo "2260"]
[BlackElo "2350"]

1.e4 c5 2.Nf3 e6 3.d4 cxd4 4.Nxd4 a6 5.Bd3 Bc5 6.Nb3 Ba7 7.Qe2 Nc6 8.Be3 Bxe3
9.Qxe3 Nf6 10.Nc3 Qc7 11.Qg3 Qxg3 12.hxg3 d6 13.O-O-O b5 14.a3 Bb7 15.Be2 O-O-O
16.f4 h5 17.Bf3 Kc7 18.Nd4 g6 19.Ndxb5+ axb5 20.Nxb5+ Kb8 21.Nxd6 Rd7 22.e5 Nd5
23.Nxb7 Rxb7 24.c4 Nde7 25.Kc2 Rc8 26.Kc3 Rbc7 27.b4 Nf5 28.Rd3 Ncd4 29.c5 Nxf3
30.Rxf3 Rd7 31.Rd3 Rxd3+ 32.Kxd3 Rd8+ 33.Kc4 Kc7 34.a4 Rd4+ 35.Kb5 Ne3 36.Rb1 Rd8
37.a5 Rb8+ 38.Ka4 Nd5 39.Rb3 Kc6 40.Rb2 Nc3+ 41.Kb3 Nd5 42.Ka4 Kc7 43.Rb3 Kc6
44.Rb2  1/2-1/2

[Event "JUG-chT"]
[Site "Zlatibor"]
[Date "1989.??.??"]
[Round "?"]
[White "Kunovac, Daniel"]
[Black "Panzalovic, Srdjan"]
[Result "1-0"]
[WhiteElo "2260"]
[BlackElo "2325"]

1.e4 c5 2.Nf3 e6 3.d4 cxd4 4.Nxd4 a6 5.Bd3 Nf6 6.O-O d6 7.c4 Be7 8.Nc3 O-O
9.f4 Nc6 10.Nxc6 bxc6 11.Qe2 Nd7 12.Be3 c5 13.Rad1 Qc7 14.g4 Re8 15.Bc2 Bb7
16.g5 g6 17.Ba4 Bf8 18.Bxd7 Qxd7 19.Bxc5 Rac8 20.Bd4 h6 21.Bf6 Qc6 22.b3 d5
23.cxd5 exd5 24.Nxd5 Qc5+ 25.Rf2 Bxd5 26.Rxd5 Qb4 27.Bd4 Rcd8 28.Qd3 Qe1+
29.Kg2 Rc8 30.Re2 Qc1 31.Be3 Qc6 32.gxh6 Qe6 33.Bf2 Qg4+ 34.Bg3 Rc3 35.Rg5 Qc8
36.Qd5 Rc6 37.h7+ Kxh7 38.Qxf7+ Bg7 39.f5 Rf8 40.fxg6+  1-0

[Event "JUG-chT"]
[Site "Zlatibor"]
[Date "1989.??.??"]
[Round "?"]
[White "Majeric, Zoran"]
[Black "Martinovic, Slobodan"]
[Result "0-1"]
[WhiteElo "2320"]
[BlackElo "2460"]

1.e4 c5 2.Nf3 e6 3.d4 cxd4 4.Nxd4 a6 5.Bd3 Nf6 6.O-O Qc7 7.c4 Nc6 8.Nxc6 dxc6
9.Qe2 e5 10.Nd2 Bg4 11.Nf3 Bc5 12.h3 Bxf3 13.Qxf3 O-O 14.Rb1 a5 15.b3 Ne8
16.Qg3 Qe7 17.Be2 Nc7 18.Kh1 f6 19.Bg4 Rad8 20.h4 Na6 21.f4 Bd6 22.f5 Ba3
23.Be3 Bc5 24.Bc1 Nb4 25.a3 Nd3 26.Bd2 b6 27.Rf3 Qd6 28.Be3 Qd7 29.Bd2 Qd6
30.Be3 Bxe3 31.Rxe3 Nf4 32.b4 axb4 33.Rxb4 Qd4 34.Re1 Nd3 35.Rbb1 Nxe1 36.Qxe1 Qc5
37.Bf3 Rd4 38.Kh2 Rfd8 39.Qg3 Rd2 40.h5 Kh8 41.h6 Rg8 42.hxg7+ Rxg7 43.Qh4 Qe3
44.Kh1 Rd6 45.a4 c5 46.Qh5 Qg5 47.Qe8+ Rg8 48.Qe7 Rd2  0-1

[Event "JUG-chT"]
[Site "Zlatibor"]
[Date "1989.??.??"]
[Round "?"]
[White "Martinovic, Slobodan"]
[Black "Strikovic, Aleksa"]
[Result "1/2-1/2"]
[WhiteElo "2460"]
[BlackElo "2470"]

1.e4 c5 2.Nf3 e6 3.d4 cxd4 4.Nxd4 a6 5.Bd3 g6 6.Nc3 Bg7 7.Nf3 Nc6 8.Bf4 d5
9.exd5 exd5 10.O-O Nge7 11.Re1 O-O 12.Qd2 Bg4 13.Ne5 Be6 14.Na4 Nxe5 15.Bxe5 Bxe5
16.Rxe5 Qd6 17.Ree1 d4 18.Be4 Rab8 19.b3 b5 20.Nb2 Bf5  1/2-1/2